=LDR 00000nam 2200000 4500 =001 INLIS000000000031960 =005 20130612134010 =008 ***********************************ind** =035 ##$$0010-061300000031960 =041 ##$$a ind =082 ##$$a 712.2 =090 ##$$a 712.2, Sup d =100 ##$$a Suptandar, J. Pamuji =245 ##$$a Desain Taman, Untuk Penghijauan, Pelestarian dan Kenyamanan, J. Pamudji Suptandar =260 ##$$a 2008 $b Jakarta =300 ##$$a viii,134 hlm, Ilus, 26 cm =650 ##$$a Arsitektur Pertamanan =850 ##$$a NBPNMAT